000 00236nam a2200097Ia 4500
001 796703
005 20250826170753.0
008 250824s9999 xx 000 0 und d
245 0 _aPETER PAN
_cJ.M.BARRİE
260 _bSEDİR YAYINLARI A.Ş.
999 _c796703
_d796703